[Event "GBR-ch Soanes op 104th"]
[Site "Llandudno"]
[Date "2017.07.30"]
[Round "4"]
[White "Harris, John2222"]
[Black "Coleman, Frederick"]
[Result "0-1"]
[WhiteElo "1622"]
[BlackElo "1516"]
[PlyCount "146"]
[EventDate "2017.07.28"]
[EventType "swiss"]
[EventRounds "5"]
[EventCountry "WLS"]
[SourceTitle "EXT 2019"]
[Source "ChessBase"]
[SourceDate "2018.10.10"]
[SourceVersion "1"]
[SourceVersionDate "2018.10.10"]
[SourceQuality "1"]

1. d4 d5 2. c4 e6 3. Nc3 Nf6 4. Bg5 Be7 5. Nf3 0-0 6. e3 Nbd7 7. a3 a6 8. c5 c6 9. Qc2 b5 10. cxb6 Qxb6 11. Bd3 h6 12. Bh4 c5 13. dxc5 Nxc5 14. Be2 Nb3 15. Rb1 Rb8 16. 0-0 Rd8 17. Na2 Bd7 18. Bd1 Na5 19. b4 Rdc8 20. Qb2 Nc4 21. Qb3 g5 22. Bg3 Bd6 23. Bxd6 Qxd6 24. h3 Ne4 25. Rb2 Nxb2 26. Qxb2 Bb5 27. Re1 Qc7 28. Bb3 Nc3 29. Kh1 Nxa2 30. Qxa2 Bc4 31. Nd4 Bxb3 32. Nxb3 Qc2 33. Re2 Qxa2 34. Rxa2 Rb5 35. Kh2 Rc3 36. Nd4 Rb6 37. Kg3 Kg7 38. h4 Kg6 39. Nf3 f6 40. Nd4 e5 41. Ne2 Rc4 42. hxg5 hxg5 43. Rd2 Rd6 44. f3 Kf7 45. Kf2 Ke6 46. g4 Rdc6 47. Ke1 Rc7 48. Rd3 Rh7 49. Nc3 Rd7 50. Na4 Ra7 51. Kd2 Rc6 52. Nc5+ Kd6 53. Kc3 a5 54. Kb3 axb4 55. axb4 Rh7 56. e4 d4 57. Kc4 Rh8 58. Ra3 Rb8 59. Ra4 Rcb6 60. Na6 Rc8+ 61. Nc5 Rc7 62. Kd3 Rh7 63. Kc4 Rh2 64. Ra7 Rc2+ 65. Kd3 Rc3+ 66. Ke2 Rxb4 67. Nb7+ Ke6 68. Ra6+ Kf7 69. Nd6+ Kg6 70. Ra2 Rbb3 71. Ra8 Rb2+ 72. Kd1 Rd3+ 73. Kc1 Rg2 0-1

[Event "BCF-ch U14"]
[Site "Bournemouth"]
[Date "2016.07.28"]
[Round "5"]
[White "Coleman, Frederick"]
[Black "Hafstad, Leif"]
[Result "0-1"]
[WhiteElo "1557"]
[BlackElo "1486"]
[PlyCount "114"]
[EventDate "2016.07.24"]
[EventType "swiss"]
[EventRounds "7"]
[EventCountry "ENG"]
[SourceTitle "EXT 2017"]
[Source "ChessBase"]
[SourceDate "2016.10.25"]
[SourceVersion "1"]
[SourceVersionDate "2016.10.25"]
[SourceQuality "1"]

1. e4 e6 2. d4 d5 3. e5 c5 4. c3 Nc6 5. Nf3 Qb6 6. Be2 Bd7 7. 0-0 f6 8. dxc5 Bxc5 9. b4 Be7 10. Bf4 fxe5 11. Nxe5 Nxe5 12. Bxe5 Bf6 13. Bxf6 Nxf6 14. Nd2 0-0 15. Rb1 Rac8 16. c4 Rfd8 17. Qb3 Be8 18. Bf3 Bf7 19. c5 Qc7 20. Qa4 b6 21. Rbc1 bxc5 22. Rxc5 Qd7 23. Qa5 Rxc5 24. bxc5 Rb8 25. Nb3 Rb5 26. Qc3 Qc7 27. Be2 Rb8 28. f3 Nd7 29. Rc1 e5 30. Bd3 d4 31. Qc2 Nf6 32. Bc4 Nd5 33. Bxd5 Bxd5 34. Qd3 Qc6 35. Na5 Qb5 36. Qd2 Rc8 37. Nb3 Bxb3 38. axb3 Rxc5 39. Rxc5 Qxc5 40. Qd3 Qc3 41. Qb5 Qe1+ 42. Qf1 Qxf1+ 43. Kxf1 Kf7 44. Ke2 g5 45. Kd3 Ke6 46. g4 Kd5 47. h3 a5 48. Kd2 e4 49. Ke2 e3 50. Kd3 Kc5 51. Kc2 e2 52. Kd2 d3 53. f4 gxf4 54. g5 f3 55. h4 f2 56. h5 f1Q 57. g6 e1Q# 0-1

[Event "BCF-ch U14"]
[Site "Bournemouth"]
[Date "2016.07.26"]
[Round "3"]
[White "Coleman, Frederick"]
[Black "Salmons, Calum"]
[Result "0-1"]
[WhiteElo "1557"]
[BlackElo "1590"]
[PlyCount "92"]
[EventDate "2016.07.24"]
[EventType "swiss"]
[EventRounds "7"]
[EventCountry "ENG"]
[SourceTitle "EXT 2017"]
[Source "ChessBase"]
[SourceDate "2016.10.25"]
[SourceVersion "1"]
[SourceVersionDate "2016.10.25"]
[SourceQuality "1"]

1. e4 c5 2. Nc3 Nc6 3. g3 g6 4. Bg2 Bg7 5. d3 d6 6. Be3 e6 7. Qd2 a6 8. Nge2 Nd4 9. 0-0 Ne7 10. Nd1 0-0 11. c3 Nxe2+ 12. Qxe2 b6 13. d4 Bb7 14. f4 Qc7 15. Nf2 Rac8 16. Rac1 c4 17. Qd2 d5 18. e5 b5 19. Bh3 Rb8 20. g4 Bc8 21. g5 h5 22. gxh6 Bxh6 23. Ng4 Bg7 24. Nf6+ Bxf6 25. exf6 Nf5 26. Bxf5 exf5 27. Qg2 Qd6 28. Qg5 Rb6 29. Rf3 Qxf6 30. Qh6 Re8 31. Rh3 Qg7 32. Qg5 Rbe6 33. Kf2 a5 34. a3 Rb6 35. Rg1 b4 36. axb4 axb4 37. Rc1 Bd7 38. Rc2 Ba4 39. Rc1 bxc3 40. bxc3 Rb2+ 41. Ke1 Bc2 42. Qg2 Ra8 43. Rxc2 Ra1+ 44. Kd2 Rxc2+ 45. Kxc2 Ra2+ 46. Kb1 Rxg2 0-1

[Event "BCF-ch U13"]
[Site "Coventry"]
[Date "2015.08.01"]
[Round "7"]
[White "Coleman, Frederick"]
[Black "Isaksen, Peter A"]
[Result "1-0"]
[WhiteElo "1471"]
[BlackElo "1642"]
[PlyCount "53"]
[EventDate "2015.07.27"]
[EventType "swiss"]
[EventRounds "7"]
[EventCountry "ENG"]
[SourceTitle "CBM 167 Extra"]
[Source "ChessBase"]
[SourceDate "2015.09.14"]
[SourceVersion "1"]
[SourceVersionDate "2015.09.14"]
[SourceQuality "1"]

1. d4 d5 2. e3 c5 3. c3 Nf6 4. Bd3 e6 5. Nd2 Nc6 6. f4 Be7 7. Ngf3 0-0 8. 0-0 c4 9. Bc2 b5 10. Ne5 Nxe5 11. fxe5 Nd7 12. e4 Qb6 13. Kh1 Bb7 14. Qh5 dxe4 15. Nxe4 g6 16. Qh6 Bxe4 17. Bxe4 Rab8 18. Rf3 Rfd8 19. Rh3 Nf8 20. Be3 Qc7 21. Rf1 b4 22. Rhf3 f5 23. exf6 Bd6 24. f7+ Kh8 25. Rh3 Bf4 26. Bxf4 Qxf7 27. Be5+ 1-0